书目信息 |
| 题名: |
傅里叶变换红外光谱仪
|
|
| 作者: | 翁诗甫 编著 | |
| 分册: | ||
| 出版信息: | 北京 化学工业出版社 2005 |
|
| 页数: | 327页 | |
| 开本: | 24cm | |
| 丛书名: | 分析仪器使用与维护丛书 | |
| 单 册: | ||
| 中图分类: | TH744.1 | |
| 科图分类: | ||
| 主题词: | 傅里叶变换--红外光谱仪 , 傅里叶变换 , 红外光谱仪 | |
| 电子资源: | ||
| ISBN: | 7-5025-6930-8 | |
| 000 | 00915oam2 2200277 450 | |
| 001 | 012007892955 | |
| 005 | 20070523091959.07 | |
| 010 | @a7-5025-6930-8@dCNY45.00 | |
| 100 | @a20070515d2005 km y0chiy0120 ea | |
| 101 | 0 | @achi |
| 102 | @aCN@b110000 | |
| 105 | @aa z 000yy | |
| 106 | @ar | |
| 200 | 1 | @a傅里叶变换红外光谱仪@Afu li ye bian huan hong wai guang pu yi@f翁诗甫编著@Fweng shi fu bian zhu |
| 210 | @a北京@c化学工业出版社@d2005 | |
| 215 | @a327页@c图@d24cm | |
| 225 | 2 | @a分析仪器使用与维护丛书 |
| 330 | @a本书介绍了红外光谱的基本概念、傅里叶变换红外光谱学的基本原理、傅里叶变换红外光谱仪的结构、红外光谱样品的制备和测试技术等内容。 | |
| 461 | 0 | @12001 @a分析仪器使用与维护丛书 |
| 606 | 0 | @a傅里叶变换@x红外光谱仪 |
| 606 | 0 | @a傅里叶变换 |
| 606 | 0 | @a红外光谱仪 |
| 690 | @aTH744.1@v4 | |
| 701 | 0 | @a翁诗甫@Aweng shi fu@4编著 |
| 801 | 0 | @aCN@bRULIN@c20070523 |
| 905 | @dTH744.1@e53@s10 | |
| 傅里叶变换红外光谱仪/翁诗甫编著.-北京:化学工业出版社,2005 |
| 327页:图;24cm .-(分析仪器使用与维护丛书) |
| ISBN 7-5025-6930-8:CNY45.00 |
| 本书介绍了红外光谱的基本概念、傅里叶变换红外光谱学的基本原理、傅里叶变换红外光谱仪的结构、红外光谱样品的制备和测试技术等内容。 |
| ● |
| 相关链接 |
|
|
|
|
正题名:傅里叶变换红外光谱仪
索取号:TH744.1/53
 
预约/预借
| 序号 | 登录号 | 条形码 | 馆藏地/架位号 | 状态 | 备注 |
| 1 | 0576876 | 205768766 | 第二样本阅览室/ [索取号:TH744.1/53] | 在馆 | |
| 2 | 0576877 | 205768775 | 第三借阅区/ [索取号:TH744.1/53] | 在馆 | |
| 3 | 0576878 | 205768784 | 第三借阅区/ [索取号:TH744.1/53] | 在馆 | |
| 4 | 0576879 | 205768793 | 密集书库/ [索取号:TH744.1/53] | 在馆 | |
| 5 | 0576880 | 205768800 | 密集书库/ [索取号:TH744.1/53] | 在馆 | |
| 6 | 0576881 | 205768819 | 密集书库/ [索取号:TH744.1/53] | 在馆 | |
| 7 | 0576882 | 205768828 | 密集书库/ [索取号:TH744.1/53] | 在馆 | |
| 8 | 0576883 | 205768837 | 密集书库/ [索取号:TH744.1/53] | 在馆 | |
| 9 | 0576884 | 205768846 | 密集书库/ [索取号:TH744.1/53] | 在馆 | |
| 10 | 0576885 | 205768855 | 第三借阅区/ [索取号:TH744.1/53] | 在馆 |